[Event "XV Open Nicolo' La Rosa"]
[Site "Mazara del Vallo ITA"]
[Date "2007.08.12"]
[Round "6"]
[White "Fiducioso, Marco"]
[Black "Napoli, Nicolo'"]
[Result "0-1"]
[WhiteElo "2019"]
[BlackElo "2277"]
[PlyCount "119"]
[EventDate "2007.08.10"]

1. e4 e5 2. Nf3 d5 3. exd5 Bd6 4. Nc3 f5 5. Bb5+ Nd7 6. d4 e4 7. Ng5 a6 8. Ba4
Ngf6 9. Ne6 Qe7 10. Bb3 Nb6 11. O-O c6 12. Nf4 Bxf4 13. Bxf4 Nbxd5 14. Nxd5
cxd5 15. c4 Be6 16. Ba4+ Kf7 17. cxd5 Bxd5 18. Bb3 Qe6 19. Bxd5 Qxd5 20. f3
Rhe8 21. fxe4 Rxe4 22. Be5 g6 23. Rc1 Rd8 24. Qf3 Nd7 25. Rc7 Kg8 26. Qh3 Re2
27. Rf2 Re1+ 28. Rf1 Rxf1+ 29. Kxf1 Qb5+ 30. Kg1 h5 31. Bf4 Nf8 32. Qc3 Ne6 33.
Rc8 Qd5 34. Rxd8+ Nxd8 35. Be5 Nc6 36. Kf2 Kf7 37. b3 h4 38. Qe3 Nxe5 39. dxe5
Ke6 40. Qb6+ Kxe5 41. Qc7+ Qd6 42. Qg7+ Kf4 43. Qh6+ Ke4 44. Qxh4+ Kd5 45. Qc4+
Ke5 46. Qc3+ Ke6 47. Qe3+ Kf7 48. g3 Qc6 49. Qd3 Kf6 50. Qd4+ Ke6 51. Qc4+ Qxc4
52. bxc4 Kd6 53. h4 a5 54. Kf3 Ke5 55. Ke3 a4 56. a3 b6 57. Kd3 Ke6 58. Kd4 Kd6
59. Kc3 Ke5 60. Kd3 {...} 0-1

[Event "XV Open Nicolo' La Rosa"]
[Site "Mazara del Vallo ITA"]
[Date "2007.08.12"]
[Round "6"]
[White "Fiorella, Loreto"]
[Black "Pellegrino, Giuseppe"]
[Result "1-0"]
[WhiteElo "1529"]
[BlackElo "1739"]
[PlyCount "104"]
[EventDate "2007.08.10"]

1. f4 e5 2. fxe5 d6 3. e6 Bxe6 4. Nf3 Be7 5. e3 Bg4 6. Bd3 Nd7 7. O-O Ngf6 8.
b3 Ne5 9. Be2 h5 10. Bb2 Nxf3+ 11. Bxf3 Qd7 12. Qe1 Bxf3 13. Rxf3 h4 14. h3
O-O-O 15. Nc3 g5 16. Ne2 Rh7 17. Bxf6 Bxf6 18. Rxf6 g4 19. hxg4 Qxg4 20. Rf4
Qd7 21. Qf2 Rg8 22. e4 Rhg7 23. Qxa7 Rxg2+ 24. Kf1 Kd8 25. Qd4 Qh3 26. Qf6+ Kc8
27. Qf5+ Qxf5 28. Rxf5 h3 29. Rxf7 h2 30. Rf8+ Kd7 31. Rf7+ Ke8 32. Rh7 Rg1+
33. Kf2 Rxa1 34. Rxh2 Rxa2 35. Nd4 Rg7 36. Rh8+ Kd7 37. Rb8 b6 38. Rb7 Rf7+ 39.
Ke3 Kc8 40. Nc6 Rxc2 41. Rb8+ Kd7 42. Nd4 Rc1 43. Ne2 Re1 44. Rg8 d5 45. d4 c5
46. Kd2 Ra1 47. e5 Ra2+ 48. Ke3 Rh7 49. Nf4 Ra3 50. e6+ Kd6 51. Rd8+ Kc6 52.
Rxd5 Rxb3+ 1-0

[Event "XV Open Nicolo' La Rosa"]
[Site "Mazara del Vallo ITA"]
[Date "2007.08.12"]
[Round "6"]
[White "Imburgia, Giuseppe"]
[Black "Palazzotto, Roberto"]
[Result "1-0"]
[WhiteElo "1557"]
[BlackElo "1725"]
[PlyCount "57"]
[EventDate "2007.08.10"]

1. d4 d5 2. c4 e6 3. Nc3 Nf6 4. Bg5 Nbd7 5. e3 Be7 6. Nf3 O-O 7. c5 c6 8. Bd3
b6 9. b4 bxc5 10. bxc5 Qa5 11. Qc2 Ba6 12. O-O Bxd3 13. Qxd3 Rfe8 14. Bf4 Bd8
15. e4 Bc7 16. e5 Nh5 17. Bd2 Qa3 18. g4 Rab8 19. gxh5 h6 20. Kh1 Kh8 21. Rg1
Rg8 22. Nh4 Ba5 23. Rg3 Rb2 24. Bc1 Bxc3 25. Bxb2 Qxb2 26. Qxc3 Qxf2 27. Qe3
Qb2 28. Rag1 Qxa2 29. Qxh6+ 1-0

[Event "XV Open Nicolo' La Rosa"]
[Site "Mazara del Vallo ITA"]
[Date "2007.08.12"]
[Round "6"]
[White "La Bella, Roberto"]
[Black "Messina, Marco"]
[Result "0-1"]
[WhiteElo "2075"]
[BlackElo "2051"]
[PlyCount "95"]
[EventDate "2007.08.10"]

1. e4 d5 2. exd5 Nf6 3. d4 Nxd5 4. c4 Nb6 5. Nc3 e5 6. Be3 exd4 7. Qxd4 Qxd4 8.
Bxd4 Nc6 9. Nf3 Be6 10. O-O-O Nxc4 11. Bxc4 Bxc4 12. Rhe1+ Be6 13. Ng5 O-O-O
14. Nxe6 fxe6 15. Be5 Bc5 16. Bxg7 Rxd1+ 17. Nxd1 Rg8 18. Bc3 Rxg2 19. Rxe6
Rxh2 20. f4 Kd7 21. Re1 Nd4 22. f5 Rh5 23. f6 Rf5 24. Re4 Nb5 25. Rh4 h5 26.
Bd2 Ke6 27. Nc3 Nxc3 28. Bxc3 Bd6 29. Re4+ Kf7 30. Kd1 Rg5 31. Ke1 Rg8 32. Kf1
Re8 33. Ra4 a6 34. Kg2 Be5 35. Rc4 c6 36. Rc5 Bxc3 37. bxc3 Re2+ 38. Kg3 Rxa2
39. Rxh5 Kxf6 40. Rh7 Rb2 41. Kf4 Ke6 42. Ke4 Kd6 43. Kd4 c5+ 44. Kd3 Kc6 45.
Rh6+ Kb5 46. c4+ Ka4 47. Rh5 Kb4 48. Rh7 0-1

[Event "XV Open Nicolo' La Rosa"]
[Site "Mazara del Vallo ITA"]
[Date "2007.08.12"]
[Round "6"]
[White "La Spada, Giorgia"]
[Black "Sant'Antonio, Giovanni"]
[Result "0-1"]
[WhiteElo "1440"]
[BlackElo "1362"]
[PlyCount "50"]
[EventDate "2007.08.10"]

1. e4 c5 2. Nf3 d6 3. Bb5+ Bd7 4. Bc4 Nc6 5. O-O e6 6. d3 Nf6 7. Bg5 Be7 8. Nc3
O-O 9. h3 h6 10. Bf4 Nh5 11. Be3 Ne5 12. Bf4 Nxf4 13. g3 Nxh3+ 14. Kh1 Ng4 15.
Kg2 Ng5 16. Qe2 Nxf3 17. Qxf3 e5 18. Qe2 Bg5 19. f3 Ne3+ 20. Kg1 Nxf1 21. Qxf1
Be3+ 22. Kh1 Qg5 23. Kg2 Qh5 24. Nd1 Bh3+ 25. Kh1 Bxf1# 0-1

[Event "XV Open Nicolo' La Rosa"]
[Site "Mazara del Vallo ITA"]
[Date "2007.08.12"]
[Round "6"]
[White "Lo Duca, Francesco"]
[Black "Melia, Lorenzo"]
[Result "0-1"]
[WhiteElo "1467"]
[BlackElo "1736"]
[PlyCount "48"]
[EventDate "2007.08.10"]

1. e4 c5 2. d3 g6 3. Nf3 Bg7 4. g3 e6 5. Bg2 Ne7 6. O-O O-O 7. Bf4 Bxb2 8. Nbd2
Nbc6 9. Bh6 Bg7 10. Bxg7 Kxg7 11. Nc4 d6 12. e5 d5 13. Nd6 Nxe5 14. Nxc8 Nxf3+
15. Bxf3 Rxc8 16. c4 b6 17. cxd5 Nxd5 18. Bxd5 Qxd5 19. Qd2 Rfd8 20. Qc3+ Qd4
21. Qxd4+ Rxd4 22. Rfd1 Rcd8 23. f4 Rxd3 24. Rxd3 Rxd3 0-1

[Event "XV Open Nicolo' La Rosa"]
[Site "Mazara del Vallo ITA"]
[Date "2007.08.12"]
[Round "6"]
[White "Melograni, Francesco"]
[Black "Riceputi, Vincenzo"]
[Result "1-0"]
[WhiteElo "1709"]
[BlackElo "1882"]
[PlyCount "101"]
[EventDate "2007.08.10"]

1. e4 c5 2. Nf3 d6 3. d4 cxd4 4. Nxd4 Nf6 5. Nc3 a6 6. f3 Qc7 7. Nb3 e6 8. Be3
Be7 9. Qd2 b5 10. Be2 Nbd7 11. a3 Bb7 12. O-O-O d5 13. exd5 Nxd5 14. Nxd5 Bxd5
15. Kb1 Rc8 16. Rc1 Qb7 17. Ka1 O-O 18. Na5 Qb8 19. c4 bxc4 20. Bxc4 Bxc4 21.
Nxc4 Nc5 22. Bxc5 Rxc5 23. Rc2 Rfc8 24. Ne3 Bf6 25. Rxc5 Rxc5 26. g3 g6 27. Rc1
Rb5 28. Rc2 Rb3 29. Ka2 a5 30. Rc8+ Qxc8 31. Kxb3 Qb7+ 32. Ka2 Qxf3 33. Nc4 a4
34. Qb4 Qd1 35. Nb6 Qc2 36. Nxa4 Qxh2 37. Nc3 h5 38. a4 Bg7 39. a5 Qxg3 40. a6
Qf2 41. Qb8+ Kh7 42. a7 Bxc3 43. a8=Q h4 44. Qaa7 Bd4 45. Qd7 Kg7 46. Qbb7 Qe3
47. Qdc6 Qd2 48. Qxe6 Qa5+ 49. Kb1 Kh6 50. Qbxf7 Qg5 51. Qee7 1-0

[Event "XV Open Nicolo' La Rosa"]
[Site "Mazara del Vallo ITA"]
[Date "2007.08.12"]
[Round "6"]
[White "Oddo, Salvatore"]
[Black "Colicchia, Michele"]
[Result "1/2-1/2"]
[WhiteElo "1601"]
[BlackElo "1496"]
[PlyCount "43"]
[EventDate "2007.08.10"]

1. Nf3 Nc6 2. g3 e5 3. d3 Nf6 4. Nbd2 Bc5 5. e4 d5 6. Bg2 d4 7. O-O O-O 8. Re1
Bg4 9. Nf1 Qd7 10. c3 Bh3 11. Qc2 Bxg2 12. Kxg2 h6 13. a4 a5 14. N1d2 Qg4 15.
Nc4 Rfe8 16. Bd2 Re6 17. h3 Qh5 18. Qd1 g5 19. Rh1 Kh7 20. h4 g4 21. Nh2 Rg8
22. Na3 1/2-1/2

[Event "XV Open Nicolo' La Rosa"]
[Site "Mazara del Vallo ITA"]
[Date "2007.08.12"]
[Round "6"]
[White "Palazzotto, Giuseppe"]
[Black "Solinas, Vittorio"]
[Result "1-0"]
[WhiteElo "1887"]
[BlackElo "1446"]
[PlyCount "77"]
[EventDate "2007.08.10"]

1. d4 d5 2. c4 Nf6 3. Nc3 e6 4. Bg5 Bb4 5. Qc2 Nc6 6. Nf3 h6 7. Bh4 g5 8. Bg3
Ne4 9. e3 dxc4 10. Qxe4 f5 11. Qc2 Na5 12. Ne5 Qd5 13. Qa4+ Nc6 14. Nxc6 bxc6
15. Qxb4 Qd7 16. Bxc4 a5 17. Qb3 Ba6 18. Bxa6 Rxa6 19. Qb7 Rb6 20. Qxc7 Qxc7
21. Bxc7 Rxb2 22. O-O O-O 23. Rfb1 Rc2 24. Rc1 Rxc1+ 25. Rxc1 Rc8 26. Bxa5 c5
27. Nb5 Ra8 28. Bc3 cxd4 29. Bxd4 Rxa2 30. Nd6 Rd2 31. g3 f4 32. Rc7 f3 33. h4
Rd1+ 34. Kh2 Rf1 35. e4 Rd1 36. Bc5 g4 37. Ne8 Rd2 38. Nf6+ Kh8 39. Rh7# 1-0

[Event "XV Open Nicolo' La Rosa"]
[Site "Mazara del Vallo ITA"]
[Date "2007.08.12"]
[Round "6"]
[White "Salvato, Angela"]
[Black "Croci, Roberto"]
[Result "0-1"]
[WhiteElo "1569"]
[BlackElo "1562"]
[PlyCount "52"]
[EventDate "2007.08.10"]

1. e4 e5 2. Nf3 Nc6 3. Bc4 Nf6 4. d3 Be7 5. Nc3 O-O 6. Be3 d6 7. d4 exd4 8.
Nxd4 Nxe4 9. Nxe4 d5 10. Nd2 Nxd4 11. Bxd4 dxc4 12. Nxc4 Bf6 13. c3 Re8+ 14.
Ne3 Bxd4 15. cxd4 Qg5 16. Qe2 Bg4 17. Qd3 Re6 18. d5 Rd8 19. Rf1 Rxd5 20. f4
Rxd3 21. fxg5 Rexe3+ 22. Kf2 Re2+ 23. Kg1 Rdd2 24. Rf2 Rxf2 25. Rc1 Rxg2+ 26.
Kh1 Bf3 0-1

[Event "XV Open Nicolo' La Rosa"]
[Site "Mazara del Vallo ITA"]
[Date "2007.08.12"]
[Round "6"]
[White "Sgarito, Lino"]
[Black "Iracani, Michele"]
[Result "0-1"]
[WhiteElo "1464"]
[BlackElo "1615"]
[PlyCount "56"]
[EventDate "2007.08.10"]

1. b4 Nf6 2. Bb2 d5 3. e3 Bf5 4. c4 e6 5. a3 c5 6. b5 a6 7. Qa4 Nbd7 8. Nf3 Nb6
9. Qa5 dxc4 10. Ne5 Be7 11. bxa6 O-O 12. Nxc4 Nxc4 13. Qxd8 Rfxd8 14. Bxc4 bxa6
15. Bc3 Bd3 16. Bxd3 Rxd3 17. O-O Ne4 18. Ra2 Rb8 19. f3 Nxc3 20. Nxc3 c4 21.
a4 Rb3 22. Rb1 Bb4 23. Rc2 Bxc3 24. Rxb3 cxb3 25. Rc1 b2 26. Rb1 Rxd2 27. h3
Rc2 28. Rd1 Rc1 0-1

[Event "VI Festival Marco Gerolamo Vida B"]
[Site "Cremona ITA"]
[Date "2007.04.21"]
[Round "4"]
[White "Tumbarello, Michele"]
[Black "Bongiorni, Gabriele"]
[Result "1-0"]
[WhiteElo "1485"]
[BlackElo "1797"]
[PlyCount "49"]
[EventDate "2007.04.20"]

1. e4 c5 2. Nc3 e6 3. Nf3 Nc6 4. Bb5 Qc7 5. d3 a6 6. Bxc6 Qxc6 7. O-O b5 8. Bf4
d6 9. Re1 Nf6 10. Bxd6 Bxd6 11. e5 Bc7 12. exf6 gxf6 13. Ne4 e5 14. Qd2 h5 15.
Qc3 Bb6 16. Nxf6+ Qxf6 17. Rxe5+ Be6 18. Rxe6+ Qxe6 19. Qxh8+ Kd7 20. Qxa8 Kc7
21. Qe4 Qd7 22. Re1 f5 23. Qe7 Ba5 24. Qxd7+ Kxd7 25. Re5 1-0

[Event "I Open Praiascacchi"]
[Site "Praia a Mare ITA"]
[Date "2007.04.05"]
[Round "1"]
[White "Caputo, Mattia"]
[Black "Rizzuti, Pasquale"]
[Result "1-0"]
[WhiteElo "1440"]
[BlackElo "1835"]
[PlyCount "89"]
[EventDate "2007.04.05"]

1. e4 c5 2. Nf3 g6 3. d4 Bg7 4. c4 cxd4 5. Nxd4 Nc6 6. Be3 d6 7. Nc3 Nf6 8. h3
Bd7 9. Qd2 Rc8 10. Nxc6 Bxc6 11. Bd3 a6 12. O-O O-O 13. Rab1 Re8 14. b4 Bd7 15.
Nd5 Nxd5 16. cxd5 Rc3 17. Rfc1 Qc7 18. Rxc3 Qxc3 19. Rc1 Qxd2 20. Bxd2 Rc8 21.
Rxc8+ Bxc8 22. a4 Bd4 23. b5 Kf8 24. Kf1 h5 25. f3 Kg7 26. Ke2 axb5 27. axb5 b6
28. Be3 Bxe3 29. Kxe3 g5 30. g4 h4 31. f4 gxf4+ 32. Kxf4 Kh6 33. g5+ Kg6 34.
e5+ Kh5 35. exd6 Bxh3 36. dxe7 Bd7 37. Bf5 Bxb5 38. d6 f6 39. gxf6 h3 40. Bxh3
Kg6 41. Ke5 Kf7 42. Be6+ Kg6 43. f7 Bc4 44. f8=Q Bxe6 45. e8=Q+ 1-0

[Event "I Open Praiascacchi"]
[Site "Praia a Mare ITA"]
[Date "2007.04.05"]
[Round "1"]
[White "Cassanese, Riccardo"]
[Black "Vigile, Matteo"]
[Result "0-1"]
[WhiteElo "1518"]
[BlackElo "2086"]
[PlyCount "72"]
[EventDate "2007.04.05"]

1. e4 e5 2. Nf3 Nc6 3. d4 exd4 4. Nxd4 Nf6 5. Nxc6 bxc6 6. Nc3 Bb4 7. Bd3 O-O
8. O-O d5 9. exd5 cxd5 10. Bg5 c6 11. a3 Be7 12. Re1 Be6 13. Ne2 h6 14. Bd2 Bc5
15. Bb4 Bxb4 16. axb4 Qd6 17. c3 Ng4 18. Ng3 Qf4 19. Qc2 h5 20. h3 h4 21. hxg4
hxg3 22. f3 Qh6 23. Kf1 Qh1+ 24. Ke2 Qxg2+ 25. Kd1 Qxf3+ 26. Be2 Qe4 27. Qxe4
dxe4 28. Rg1 f5 29. gxf5 Rxf5 30. Rxg3 Rf2 31. Ke1 Rh2 32. Ra6 Rxe2+ 33. Kxe2
Bc4+ 34. Ke3 Bxa6 35. Kxe4 Rd8 36. Rg6 Bd3+ 0-1

[Event "I Open Praiascacchi"]
[Site "Praia a Mare ITA"]
[Date "2007.04.05"]
[Round "1"]
[White "Cordi', Domenico"]
[Black "Calomeni, Gianpaolo"]
[Result "1-0"]
[WhiteElo "2084"]
[BlackElo "1503"]
[PlyCount "125"]
[EventDate "2007.04.05"]

1. Nf3 Nf6 2. d4 e6 3. c4 b6 4. a3 Bb7 5. Nc3 d5 6. e3 Nbd7 7. Bd3 Be7 8. O-O
O-O 9. b4 Ne4 10. Bxe4 dxe4 11. Nd2 Nf6 12. Qc2 c5 13. bxc5 bxc5 14. Bb2 cxd4
15. exd4 Qxd4 16. Nd5 Qc5 17. Nxf6+ gxf6 18. Nxe4 Qf5 19. Nxf6+ Bxf6 20. Qxf5
exf5 21. Bxf6 Rac8 22. c5 Rfe8 23. Rfe1 Re6 24. Be7 Rxe1+ 25. Rxe1 Re8 26. f3
f6 27. Kf2 Kf7 28. Bd6 Rxe1 29. Kxe1 Ke6 30. Kd2 h5 31. Ke3 Bc6 32. h4 Kd5 33.
g4 fxg4 34. fxg4 hxg4 35. Kf4 Bd7 36. h5 g3 37. Kxg3 Bf5 38. Kf4 Bc2 39. Ke3
Bh7 40. h6 a6 41. Kd2 Kc6 42. Kc3 Kb5 43. Kd4 Kc6 44. Be7 f5 45. Bg5 Bg6 46.
Be3 Bh7 47. Ke5 a5 48. Bf2 a4 49. Kf6 f4 50. Kg7 Bd3 51. h7 Bxh7 52. Kxh7 f3
53. Kg6 Kc7 54. Kf5 Kc6 55. Ke4 Kc7 56. Kxf3 Kc6 57. Ke4 Kd7 58. Kd5 Kc7 59.
Bg3+ Kd7 60. c6+ Kc8 61. Kc5 Kd8 62. Kb5 Kc8 63. Kb6 1-0

[Event "I Open Praiascacchi"]
[Site "Praia a Mare ITA"]
[Date "2007.04.05"]
[Round "1"]
[White "Coristo, Giovanni"]
[Black "Paragliola, Gennaro"]
[Result "1-0"]
[WhiteElo "1843"]
[BlackElo "1451"]
[PlyCount "29"]
[EventDate "2007.04.05"]

1. e4 b6 2. Nc3 Bb7 3. d4 e6 4. a3 Nf6 5. f3 d5 6. e5 Nfd7 7. Be3 Be7 8. Bd3 c5
9. f4 cxd4 10. Bxd4 Bc5 11. Nf3 Nc6 12. Ne2 Nxd4 13. Nexd4 O-O 14. c3 f5 15.
Nxe6 1-0

[Event "I Open Praiascacchi"]
[Site "Praia a Mare ITA"]
[Date "2007.04.05"]
[Round "1"]
[White "De Rasis, Giovanni"]
[Black "Calomeni, Francesca"]
[Result "1/2-1/2"]
[WhiteElo "1560"]
[BlackElo "1356"]
[PlyCount "30"]
[EventDate "2007.04.05"]

1. e4 e5 2. f4 exf4 3. Nf3 Nf6 4. Bc4 Nc6 5. O-O Bc5+ 6. d4 Nxd4 7. Nxd4 O-O 8.
Kh1 d6 9. Nc3 Re8 10. Bxf4 Nxe4 11. Nxe4 Rxe4 12. Bxf7+ Kxf7 13. Bg5+ Ke8 14.
Qh5+ Kd7 15. Qe8+ Qxe8 1/2-1/2

[Event "I Open Praiascacchi"]
[Site "Praia a Mare ITA"]
[Date "2007.04.05"]
[Round "1"]
[White "Familari, Giuseppe"]
[Black "Mercuri, Delia"]
[Result "1-0"]
[WhiteElo "1717"]
[BlackElo "1415"]
[PlyCount "35"]
[EventDate "2007.04.05"]

1. d4 d6 2. Nf3 g6 3. Bf4 Nf6 4. h3 Bg7 5. e3 O-O 6. Bd3 Nbd7 7. Nbd2 c5 8. c3
Nd5 9. Bg5 Qe8 10. e4 f6 11. exd5 fxg5 12. Nxg5 Nb6 13. Nxh7 Kxh7 14. Qh5+ Bh6
15. Nf3 Kg7 16. Qh4 Nxd5 17. O-O Bf5 18. Bc4 1-0

[Event "I Open Praiascacchi"]
[Site "Praia a Mare ITA"]
[Date "2007.04.05"]
[Round "1"]
[White "Felisio, Antonio"]
[Black "De Marco, Francesco"]
[Result "0-1"]
[WhiteElo "1464"]
[BlackElo "1848"]
[PlyCount "82"]
[EventDate "2007.04.05"]

1. d4 Nf6 2. c4 e6 3. Nf3 Bb4+ 4. Bd2 Be7 5. e3 Ne4 6. Bd3 Nxd2 7. Nbxd2 O-O 8.
O-O d5 9. Qc2 h6 10. Rac1 Na6 11. a3 c5 12. Rfe1 Bd7 13. Ne5 cxd4 14. Nxd7 Qxd7
15. exd4 Rac8 16. b4 dxc4 17. Nxc4 b5 18. Ne5 Qxd4 19. Qe2 Rc3 20. Bxb5 Rxc1
21. Bxa6 Rxe1+ 22. Qxe1 Qb2 23. Nc4 Qc2 24. h3 Rd8 25. Qe5 Bh4 26. g3 Bf6 27.
Qc7 Qb1+ 28. Kh2 Qf1 29. Nd6 Qxf2+ 30. Kh1 Qe1+ 31. Kh2 Qd2+ 32. Kh1 Rxd6 33.
Qc8+ Rd8 34. Qc4 Qe1+ 35. Qf1 Qe4+ 36. Qg2 Qb1+ 37. Bf1 Rd1 38. Qa8+ Kh7 39. h4
Rxf1+ 40. Kg2 Rg1+ 41. Kh2 Qf1 0-1

[Event "I Open Praiascacchi"]
[Site "Praia a Mare ITA"]
[Date "2007.04.05"]
[Round "1"]
[White "Gad, Ahmad"]
[Black "Gad, Alessandro"]
[Result "1-0"]
[WhiteElo "1784"]
[BlackElo "1440"]
[PlyCount "29"]
[EventDate "2007.04.05"]

1. e4 e5 2. Nf3 d6 3. d4 Nd7 4. Bc4 Ngf6 5. Nc3 Be7 6. O-O O-O 7. Qe2 c6 8. a4
Qc7 9. a5 exd4 10. Nxd4 Nc5 11. b4 Ne6 12. Nf5 d5 13. Nxe7+ Qxe7 14. exd5 Qxb4
15. Na2 1-0

[Event "I Open Praiascacchi"]
[Site "Praia a Mare ITA"]
[Date "2007.04.05"]
[Round "1"]
[White "Grandinetti, Pietro"]
[Black "Minucci, Veronica"]
[Result "1-0"]
[WhiteElo "1639"]
[BlackElo "1362"]
[PlyCount "61"]
[EventDate "2007.04.05"]

1. e4 e5 2. Nf3 Nc6 3. Bb5 Nf6 4. O-O Bc5 5. c3 d6 6. h3 O-O 7. d3 Bd7 8. Re1
Nh5 9. Nbd2 Ng3 10. Bxc6 bxc6 11. d4 exd4 12. cxd4 Bb6 13. fxg3 c5 14. Nc4 cxd4
15. Nxb6 cxb6 16. b3 Bc6 17. Qxd4 Re8 18. Bb2 f6 19. Qc4+ Kf8 20. Qxc6 Re6 21.
Rac1 Rb8 22. Nd4 Re7 23. Ba3 Rc7 24. Qxc7 Qxc7 25. Rxc7 Rd8 26. Ne6+ Ke8 27.
Nxd8 Kxd8 28. Rxa7 Ke8 29. Rc1 Kd8 30. Rcc7 Ke8 31. Ra8# 1-0

[Event "I Open Praiascacchi"]
[Site "Praia a Mare ITA"]
[Date "2007.04.05"]
[Round "1"]
[White "Levato, Biagio"]
[Black "Bottino, Alexiei"]
[Result "0-1"]
[WhiteElo "1495"]
[BlackElo "2043"]
[PlyCount "96"]
[EventDate "2007.04.05"]

1. e4 e5 2. Nf3 Nc6 3. g3 Bc5 4. d3 Nf6 5. Bg2 O-O 6. O-O d5 7. Nbd2 Re8 8. c3
a5 9. exd5 Nxd5 10. Nc4 Nb6 11. Nxb6 Bxb6 12. Qc2 Bf5 13. Rd1 Qd6 14. Be3 Red8
15. Ne1 Qg6 16. Bxb6 cxb6 17. Rd2 Rd6 18. Rad1 Rad8 19. a4 h5 20. Qb3 e4 21. d4
h4 22. Nc2 hxg3 23. hxg3 Ne5 24. Ne1 Ng4 25. c4 Qh5 26. f3 Qh2+ 27. Kf1 Qxg3
28. Qc3 Qf4 29. Kg1 Ne3 30. fxe4 Nxd1 31. Rxd1 Bxe4 32. d5 Rg6 33. Rd4 Qf5 34.
Qe3 Bxg2 35. Nxg2 Qb1+ 36. Kh2 Rh6+ 37. Nh4 Qxb2+ 38. Kg3 Qb4 39. Rg4 Qd6+ 40.
Kg2 Qf6 41. Qe4 Rh5 42. Rf4 Rg5+ 43. Rg4 Qb2+ 44. Kh3 Qc3+ 45. Nf3 Rxg4 46.
Kxg4 Rc8 47. Ne5 Re8 48. Kf5 f6 0-1

[Event "I Open Praiascacchi"]
[Site "Praia a Mare ITA"]
[Date "2007.04.05"]
[Round "1"]
[White "Messina, Oscar"]
[Black "Rametta, Marcello"]
[Result "0-1"]
[WhiteElo "1440"]
[BlackElo "1774"]
[PlyCount "74"]
[EventDate "2007.04.05"]

1. e4 c5 2. d3 Nc6 3. Be3 d5 4. exd5 Qxd5 5. Nc3 Qd8 6. Nf3 Nd4 7. Be2 Nf6 8.
Ne4 e6 9. c3 Nxe2 10. Qxe2 b6 11. d4 Nxe4 12. Ne5 Nf6 13. Qf3 Bd7 14. O-O-O Rc8
15. dxc5 Qc7 16. Nxd7 Nxd7 17. cxb6 axb6 18. Rd2 Ne5 19. Qe2 Nc4 20. Rd3 Bc5
21. b3 Nxe3 22. fxe3 Qe5 23. Kb2 O-O 24. Rf1 b5 25. Qf3 b4 26. Kc2 Be7 27. c4
Bf6 28. Rd4 Qa5 29. Rd2 Qxa2+ 30. Kd1 Qxb3+ 31. Ke2 Bc3 32. Rfd1 Bxd2 33. Rxd2
Qxc4+ 34. Ke1 b3 35. h3 b2 36. Rxb2 Qc1+ 37. Qd1 Qxb2 0-1

[Event "I Open Praiascacchi"]
[Site "Praia a Mare ITA"]
[Date "2007.04.05"]
[Round "1"]
[White "Napoli, Nicolo'"]
[Black "Alo', Lucio"]
[Result "1-0"]
[WhiteElo "2266"]
[BlackElo "1553"]
[PlyCount "41"]
[EventDate "2007.04.05"]

1. e4 e5 2. Nf3 Nc6 3. d4 exd4 4. Nxd4 Nxd4 5. Qxd4 b6 6. Bc4 Bb7 7. O-O c5 8.
Qd3 Be7 9. Nc3 Qc7 10. f4 f6 11. Nb5 Qc8 12. e5 Bc6 13. Nd6+ Bxd6 14. exd6 Kf8
15. Re1 g6 16. f5 Kg7 17. Qh3 g5 18. Qh5 Qf8 19. Bxg5 b5 20. Re7+ Nxe7 21. Bh6#
1-0

[Event "I Open Praiascacchi"]
[Site "Praia a Mare ITA"]
[Date "2007.04.05"]
[Round "1"]
[White "Orenga, Antonio"]
[Black "Giaquinto, Sergio"]
[Result "1/2-1/2"]
[WhiteElo "1440"]
[BlackElo "1748"]
[PlyCount "181"]
[EventDate "2007.04.05"]

1. e4 c5 2. Nf3 e6 3. c3 Nc6 4. d4 cxd4 5. Nxd4 Bc5 6. Be3 Bxd4 7. cxd4 Nf6 8.
Nc3 Qa5 9. Bd3 b5 10. O-O a6 11. a3 Ne7 12. Bg5 Nfg8 13. b4 Qb6 14. d5 Qd4 15.
Ne2 Qe5 16. Bf4 Qh5 17. Nc3 Qxd1 18. Rfxd1 Bb7 19. d6 Ng6 20. Bg3 h5 21. e5 h4
22. Bxg6 hxg3 23. Bxf7+ Kxf7 24. fxg3 Rh5 25. Rf1+ Kg6 26. Rae1 Nh6 27. Ne2 Rf5
28. Nd4 Rxf1+ 29. Rxf1 Ng4 30. Re1 Bd5 31. h3 Nh6 32. Rc1 Bc4 33. g4 Nf7 34.
Nf3 Ng5 35. Nd2 Bd5 36. Rc7 Bc6 37. Nb3 Nf7 38. Nd4 Nxe5 39. Nxc6 dxc6 40. Kf2
Rd8 41. Ra7 Rxd6 42. Rxa6 Kf6 43. Ke3 Rd3+ 44. Ke4 Rg3 45. Ra8 Rxg2 46. Rf8+
Nf7 47. Kf3 Rc2 48. g5+ Kg6 49. h4 Rc1 50. Re8 e5 51. Kg4 Rc4+ 52. Kg3 Kf5 53.
Rf8 Rc3+ 54. Kg2 Kg6 55. h5+ Kxh5 56. Rxf7 Kg6 57. Re7 Kxg5 58. Rxe5+ Kf4 59.
Re6 g5 60. Rf6+ Kg4 61. Kf2 Rc2+ 62. Ke3 Kg3 63. Ke4 g4 64. Kd4 Kg2 65. Kd3 Rc4
66. a4 g3 67. axb5 cxb5 68. Rf5 Rxb4 69. Kc3 Rb1 70. Kc2 Rf1 71. Rxb5 Rf2+ 72.
Kd3 Kh1 73. Ke3 Rf7 74. Rh5+ Kg1 75. Ke2 g2 76. Rh6 Ra7 77. Rf6 Ra2+ 78. Ke1
Kh2 79. Rh6+ Kg3 80. Rg6+ Kf4 81. Rg8 Kf3 82. Rf8+ Kg3 83. Rg8+ Kh2 84. Rh8+
Kg1 85. Rg8 Ra1+ 86. Ke2 Rf1 87. Rg7 Rf6 88. Ra7 Rf4 89. Rg7 Kh2 90. Rh7+ Kg3
91. Rg7+ 1/2-1/2

[Event "I Open Praiascacchi"]
[Site "Praia a Mare ITA"]
[Date "2007.04.05"]
[Round "1"]
[White "Paese, Salvatore"]
[Black "Alagia, Pietro"]
[Result "0-1"]
[WhiteElo "1396"]
[BlackElo "1658"]
[PlyCount "32"]
[EventDate "2007.04.05"]

1. e4 e5 2. Nf3 Nc6 3. Bc4 Bc5 4. d3 Nge7 5. a3 O-O 6. O-O Ng6 7. b4 Be7 8. Bb2
d6 9. Nbd2 Bg4 10. h3 Bd7 11. Re1 Qc8 12. Nf1 Nf4 13. Kh1 Bxh3 14. g3 Bxf1 15.
Rxf1 Qh3+ 16. Nh2 Qg2# 0-1

[Event "I Open Praiascacchi"]
[Site "Praia a Mare ITA"]
[Date "2007.04.05"]
[Round "1"]
[White "Piccoli, Vincenzo"]
[Black "Saraceno, Giuseppe"]
[Result "1-0"]
[WhiteElo "1745"]
[BlackElo "1440"]
[PlyCount "57"]
[EventDate "2007.04.05"]

1. e4 Nc6 2. d4 b6 3. g3 Nf6 4. Bg2 a6 5. Nc3 d6 6. e5 Bg4 7. Bxc6+ Qd7 8.
Bxd7+ Kxd7 9. f3 Bf5 10. exf6 exf6 11. Nge2 Bh3 12. Kf2 g5 13. Ne4 g4 14. Nxf6+
Ke7 15. Nxg4 Bg7 16. Re1 Kd7 17. Qd3 Rhe8 18. Qf5+ Re6 19. Qxf7+ Kc6 20. Qxe6
h5 21. Ne5+ Bxe5 22. Qxh3 Bf6 23. Qe6 Rf8 24. Bh6 Rd8 25. Qxf6 Rd7 26. d5+ Kb5
27. c4+ Kxc4 28. Qc3+ Kxd5 29. Nf4# 1-0

[Event "I Open Praiascacchi"]
[Site "Praia a Mare ITA"]
[Date "2007.04.05"]
[Round "1"]
[White "Russo, Biagio"]
[Black "Altomonte, Giuseppe"]
[Result "0-1"]
[WhiteElo "1437"]
[BlackElo "1734"]
[PlyCount "36"]
[EventDate "2007.04.05"]

1. e4 c6 2. d4 d5 3. e5 Bf5 4. Bd3 Bxd3 5. Qxd3 e6 6. c3 c5 7. Bf4 Nd7 8. Qg3
Qb6 9. b3 cxd4 10. Ne2 dxc3 11. Nbxc3 Ne7 12. O-O Nf5 13. Qf3 Ba3 14. Rab1 Nh4
15. Qh5 Ng6 16. Qg4 h5 17. Qg5 Be7 18. Qg3 h4 0-1

[Event "I Open Praiascacchi"]
[Site "Praia a Mare ITA"]
[Date "2007.04.05"]
[Round "1"]
[White "Sansosti, Simona"]
[Black "Bellisario, Carlo"]
[Result "0-1"]
[WhiteElo "1362"]
[BlackElo "1619"]
[PlyCount "87"]
[EventDate "2007.04.05"]

1. e4 d6 2. Nf3 Nf6 3. Nc3 g6 4. h3 Bg7 5. d4 c6 6. e5 dxe5 7. dxe5 Qxd1+ 8.
Nxd1 Nfd7 9. Bf4 O-O 10. Nc3 b5 11. a4 b4 12. Ne4 Ba6 13. Bd3 Bxd3 14. cxd3 c5
15. O-O Nc6 16. Rfe1 Ncxe5 17. Bxe5 Nxe5 18. Nxe5 Bxe5 19. Nxc5 Bxb2 20. Rab1
Bd4 21. Nd7 Rfd8 22. Rxe7 a5 23. Ne5 Bxe5 24. Rxe5 Rxd3 25. Rbe1 Ra3 26. Rb5
Rxa4 27. Ree5 Ra1+ 28. Kh2 Kg7 29. Kg3 Ra3+ 30. f3 b3 31. Re3 a4 32. Kg4 Ra2
33. Rbxb3 axb3 34. Rxb3 Rxg2+ 35. Kf4 Ra4+ 36. Ke5 f6+ 37. Ke6 Re2+ 38. Kd6
Ra6+ 39. Kd5 Re5+ 40. Kd4 Ra4+ 41. Kc3 Re3+ 42. Kc2 Rxb3 43. Kxb3 Rf4 44. Kc2
0-1